Million Years Ago- Adele (25) - Statistics

General Stats
  • This quiz has been taken 145 times
  • The average score is 228 of 280
Answer Stats
Answer % Correct
I
100%
a
97%
A
97%
to
97%
To
97%
million
94%
the
94%
years
94%
ago
92%
do
92%
my
92%
only
92%
When
92%
when
92%
was
91%
me
90%
they
90%
They
90%
Who
90%
who
90%
be
89%
That
89%
that
89%
have
87%
it
87%
know
87%
wanted
87%
I'm
86%
not
86%
can
85%
one
85%
things
85%
fun
84%
it's
82%
It's
82%
Learning
82%
learning
82%
mother
82%
But
81%
done
81%
feel
81%
miss
81%
run
81%
see
81%
And
80%
and
80%
friends
80%
in
80%
In
80%
just
78%
regrets
78%
they've
78%
young
78%
can't
77%
fly
77%
like
77%
Like
77%
Look
77%
look
77%
up
77%
all
76%
cry
76%
life
76%
Life
76%
is
75%
Sometimes
75%
wish
75%
could
73%
sky
73%
by
72%
more
72%
watch
72%
little
71%
live
71%
party
71%
this
71%
way
71%
floor
68%
reflection
68%
down
67%
thrown
67%
air
66%
Deep
66%
let
66%
would
66%
always
65%
eye
65%
heart
65%
must
63%
of
63%
they're
63%
decide
62%
I'd
62%
stand
62%
think
62%
known
61%
recognize
61%
soul
61%
don't
59%
memory
59%
or
59%
say
59%
grew
58%
now
58%
Where
58%
day
57%
flashing
57%
scared
57%
joke
56%
light
56%
pay
56%
bare
53%
earn
53%
inevitable
53%
feet
52%
found
52%
streets
52%
try
52%
never
49%
thought
49%
walk
48%
around
44%
became
44%
stripes
44%
they'd
42%
No matching quizzes found
Score Distribution
Percent of People with Each Score
Percentile by Number Answered
Your Score History
You have not taken this quiz